<?xml version="1.0" encoding="UTF-8"?>
<marc:record xmlns:marc="http://www.loc.gov/MARC21/slim" type="Bibliographic">
   <marc:leader>00000pam a2200000 cb4500</marc:leader>
   <marc:controlfield tag="001">968551815</marc:controlfield>
   <marc:controlfield tag="003">DE-101</marc:controlfield>
   <marc:controlfield tag="005">20171203145845.0</marc:controlfield>
   <marc:controlfield tag="007">tu</marc:controlfield>
   <marc:controlfield tag="008">030813s2003    gw ||||| |||| 00||||ger  </marc:controlfield>
   <marc:datafield ind1=" " ind2=" " tag="015">
      <marc:subfield code="a">04,A02,2037</marc:subfield>
      <marc:subfield code="z">03,N36,0087</marc:subfield>
      <marc:subfield code="2">dnb</marc:subfield>
   </marc:datafield>
   <marc:datafield ind1="7" ind2=" " tag="016">
      <marc:subfield code="2">DE-101</marc:subfield>
      <marc:subfield code="a">968551815</marc:subfield>
   </marc:datafield>
   <marc:datafield ind1=" " ind2=" " tag="020">
      <marc:subfield code="a">9783407789211</marc:subfield>
      <marc:subfield code="c">kart. : EUR 9.90</marc:subfield>
      <marc:subfield code="9">978-3-407-78921-1</marc:subfield>
   </marc:datafield>
   <marc:datafield ind1=" " ind2=" " tag="020">
      <marc:subfield code="a">3407789211</marc:subfield>
      <marc:subfield code="c">kart. : EUR 9.90</marc:subfield>
      <marc:subfield code="9">3-407-78921-1</marc:subfield>
   </marc:datafield>
   <marc:datafield ind1="3" ind2=" " tag="024">
      <marc:subfield code="a">9783407789211</marc:subfield>
   </marc:datafield>
   <marc:datafield ind1="5" ind2="2" tag="028">
      <marc:subfield code="a">78921</marc:subfield>
   </marc:datafield>
   <marc:datafield ind1=" " ind2=" " tag="035">
      <marc:subfield code="a">(DE-599)DNB968551815</marc:subfield>
   </marc:datafield>
   <marc:datafield ind1=" " ind2=" " tag="035">
      <marc:subfield code="a">(OCoLC)723156965</marc:subfield>
   </marc:datafield>
   <marc:datafield ind1=" " ind2=" " tag="040">
      <marc:subfield code="a">1240</marc:subfield>
      <marc:subfield code="b">ger</marc:subfield>
      <marc:subfield code="c">DE-101</marc:subfield>
      <marc:subfield code="d">9999</marc:subfield>
   </marc:datafield>
   <marc:datafield ind1=" " ind2=" " tag="041">
      <marc:subfield code="a">ger</marc:subfield>
   </marc:datafield>
   <marc:datafield ind1=" " ind2=" " tag="044">
      <marc:subfield code="c">XA-DE-BW</marc:subfield>
   </marc:datafield>
   <marc:datafield ind1="7" ind2="4" tag="082">
      <marc:subfield code="a">K</marc:subfield>
      <marc:subfield code="q">DE-101</marc:subfield>
      <marc:subfield code="2">22sdnb</marc:subfield>
   </marc:datafield>
   <marc:datafield ind1=" " ind2=" " tag="090">
      <marc:subfield code="a">b</marc:subfield>
   </marc:datafield>
   <marc:datafield ind1="1" ind2=" " tag="100">
      <marc:subfield code="0">(DE-588)119461862</marc:subfield>
      <marc:subfield code="0">http://d-nb.info/gnd/119461862</marc:subfield>
      <marc:subfield code="0">(DE-101)119461862</marc:subfield>
      <marc:subfield code="a">Kordon, Klaus</marc:subfield>
      <marc:subfield code="d">1943-</marc:subfield>
      <marc:subfield code="e">Verfasser</marc:subfield>
      <marc:subfield code="4">aut</marc:subfield>
   </marc:datafield>
   <marc:datafield ind1="0" ind2="0" tag="245">
      <marc:subfield code="a">&#x98;Die&#x9c; roten Matrosen oder ein vergessener Winter</marc:subfield>
      <marc:subfield code="b">Roman</marc:subfield>
      <marc:subfield code="c">Klaus Kordon. Mit einem Nachw. des Autors</marc:subfield>
   </marc:datafield>
   <marc:datafield ind1=" " ind2="1" tag="264">
      <marc:subfield code="a">Weinheim</marc:subfield>
      <marc:subfield code="a">Basel</marc:subfield>
      <marc:subfield code="a">Berlin</marc:subfield>
      <marc:subfield code="b">Beltz und Gelberg</marc:subfield>
      <marc:subfield code="c">2003</marc:subfield>
   </marc:datafield>
   <marc:datafield ind1=" " ind2=" " tag="300">
      <marc:subfield code="a">470 S.</marc:subfield>
      <marc:subfield code="c">19 cm, 416 gr.</marc:subfield>
   </marc:datafield>
   <marc:datafield ind1=" " ind2=" " tag="336">
      <marc:subfield code="a">Text</marc:subfield>
      <marc:subfield code="b">txt</marc:subfield>
      <marc:subfield code="2">rdacontent</marc:subfield>
   </marc:datafield>
   <marc:datafield ind1=" " ind2=" " tag="337">
      <marc:subfield code="a">ohne Hilfsmittel zu benutzen</marc:subfield>
      <marc:subfield code="b">n</marc:subfield>
      <marc:subfield code="2">rdamedia</marc:subfield>
   </marc:datafield>
   <marc:datafield ind1=" " ind2=" " tag="338">
      <marc:subfield code="a">Band</marc:subfield>
      <marc:subfield code="b">nc</marc:subfield>
      <marc:subfield code="2">rdacarrier</marc:subfield>
   </marc:datafield>
   <marc:datafield ind1=" " ind2=" " tag="385">
      <marc:subfield code="0">(DE-588)4028859-6</marc:subfield>
      <marc:subfield code="0">http://d-nb.info/gnd/4028859-6</marc:subfield>
      <marc:subfield code="0">(DE-101)040288595</marc:subfield>
      <marc:subfield code="a">Jugend</marc:subfield>
      <marc:subfield code="2">gnd</marc:subfield>
   </marc:datafield>
   <marc:datafield ind1="1" ind2=" " tag="490">
      <marc:subfield code="a">Trilogie der Wendepunkte</marc:subfield>
      <marc:subfield code="v">Teil 1</marc:subfield>
   </marc:datafield>
   <marc:datafield ind1="1" ind2=" " tag="490">
      <marc:subfield code="a">Gulliver</marc:subfield>
      <marc:subfield code="v">921</marc:subfield>
   </marc:datafield>
   <marc:datafield ind1=" " ind2=" " tag="520">
      <marc:subfield code="a">*Der erste Band der&gt;Trilogie der Wendepunkte&lt; Eine ganze Mietskaserne, die Ackerstraße 37, im Berliner Wedding wird lebendig, mit ihren Sorgen und Nöten, aber auch mit ihrem Hoffen, ihrem Zusammenhalt. November 1918: Nach vier Jahren Weltkrieg verweigern die Matrosen der kaiserlichen Marine in Kiel den Befehl zum Auslaufen und kommen nach Berlin. Helle und Fritz freunden sich mit den meuternden Matrosen an, erleben die Revolution mit, den Sieg, die Niederlage. Eine ganze Mietskaserne in Berlins ärmster Gegend wird lebendig. Zürcher Jugendbuchpreis &gt;La vache qui lit&lt; Preis der Leseratten des ZDF und andere Auszeichnungen &gt;Dieser Roman, eine besondere Art der Geschichtsschreibung von unten, ist ein Glücksfall: Kordon verkündet keine Thesen, sondern beschreibt Menschen, ihre Gedanken und Gefühle, witzig, nachdenklich, einfach, aber nicht vereinfachend.&lt;Anne Linsel, DIE ZEIT</marc:subfield>
   </marc:datafield>
   <marc:datafield ind1=" " ind2="7" tag="650">
      <marc:subfield code="0">(DE-588)4042707-9</marc:subfield>
      <marc:subfield code="0">http://d-nb.info/gnd/4042707-9</marc:subfield>
      <marc:subfield code="0">(DE-101)040427072</marc:subfield>
      <marc:subfield code="a">Novemberrevolution</marc:subfield>
      <marc:subfield code="2">gnd</marc:subfield>
   </marc:datafield>
   <marc:datafield ind1=" " ind2="7" tag="650">
      <marc:subfield code="0">(DE-588)4002583-4</marc:subfield>
      <marc:subfield code="0">http://d-nb.info/gnd/4002583-4</marc:subfield>
      <marc:subfield code="0">(DE-101)040025837</marc:subfield>
      <marc:subfield code="a">Arbeiterfamilie</marc:subfield>
      <marc:subfield code="2">gnd</marc:subfield>
   </marc:datafield>
   <marc:datafield ind1=" " ind2="7" tag="651">
      <marc:subfield code="0">(DE-588)4005728-8</marc:subfield>
      <marc:subfield code="0">http://d-nb.info/gnd/4005728-8</marc:subfield>
      <marc:subfield code="0">(DE-101)040057283</marc:subfield>
      <marc:subfield code="a">Berlin</marc:subfield>
      <marc:subfield code="2">gnd</marc:subfield>
   </marc:datafield>
   <marc:datafield ind1=" " ind2=" " tag="653">
      <marc:subfield code="a">(VLB-FS)Weltkrieg I</marc:subfield>
   </marc:datafield>
   <marc:datafield ind1=" " ind2=" " tag="653">
      <marc:subfield code="a">(VLB-PF)BC: Paperback</marc:subfield>
   </marc:datafield>
   <marc:datafield ind1=" " ind2=" " tag="653">
      <marc:subfield code="a">(VLB-WI)2: Taschenbuch</marc:subfield>
   </marc:datafield>
   <marc:datafield ind1=" " ind2=" " tag="653">
      <marc:subfield code="a">(VLB-WG)250: Kinderbuch, Jugendbuch / Romane, Erzählungen</marc:subfield>
   </marc:datafield>
   <marc:datafield ind1=" " ind2="7" tag="655">
      <marc:subfield code="0">(DE-588)4306252-0</marc:subfield>
      <marc:subfield code="0">http://d-nb.info/gnd/4306252-0</marc:subfield>
      <marc:subfield code="0">(DE-101)043062520</marc:subfield>
      <marc:subfield code="a">Jugendbuch</marc:subfield>
      <marc:subfield code="2">gnd-content</marc:subfield>
   </marc:datafield>
   <marc:datafield ind1=" " ind2="7" tag="655">
      <marc:subfield code="a">Jugendbuch</marc:subfield>
      <marc:subfield code="2">gnd</marc:subfield>
   </marc:datafield>
   <marc:datafield ind1="0" ind2="0" tag="689">
      <marc:subfield code="0">(DE-588)4005728-8</marc:subfield>
      <marc:subfield code="0">http://d-nb.info/gnd/4005728-8</marc:subfield>
      <marc:subfield code="0">(DE-101)040057283</marc:subfield>
      <marc:subfield code="D">g</marc:subfield>
      <marc:subfield code="a">Berlin</marc:subfield>
   </marc:datafield>
   <marc:datafield ind1="0" ind2="1" tag="689">
      <marc:subfield code="0">(DE-588)4042707-9</marc:subfield>
      <marc:subfield code="0">http://d-nb.info/gnd/4042707-9</marc:subfield>
      <marc:subfield code="0">(DE-101)040427072</marc:subfield>
      <marc:subfield code="D">s</marc:subfield>
      <marc:subfield code="a">Novemberrevolution</marc:subfield>
   </marc:datafield>
   <marc:datafield ind1="0" ind2="2" tag="689">
      <marc:subfield code="0">(DE-588)4002583-4</marc:subfield>
      <marc:subfield code="0">http://d-nb.info/gnd/4002583-4</marc:subfield>
      <marc:subfield code="0">(DE-101)040025837</marc:subfield>
      <marc:subfield code="D">s</marc:subfield>
      <marc:subfield code="a">Arbeiterfamilie</marc:subfield>
   </marc:datafield>
   <marc:datafield ind1="0" ind2="3" tag="689">
      <marc:subfield code="A">f</marc:subfield>
      <marc:subfield code="a">Jugendbuch</marc:subfield>
   </marc:datafield>
   <marc:datafield ind1="0" ind2=" " tag="689">
      <marc:subfield code="5">DE-101</marc:subfield>
      <marc:subfield code="5">DE-101</marc:subfield>
   </marc:datafield>
   <marc:datafield ind1="1" ind2=" " tag="800">
      <marc:subfield code="a">Kordon, Klaus</marc:subfield>
      <marc:subfield code="d">1943-</marc:subfield>
      <marc:subfield code="4">aut</marc:subfield>
      <marc:subfield code="t">Trilogie der Wendepunkte</marc:subfield>
      <marc:subfield code="v">Teil 1</marc:subfield>
      <marc:subfield code="w">(DE-101)969432356</marc:subfield>
      <marc:subfield code="9">11</marc:subfield>
      <marc:subfield code="7">am</marc:subfield>
   </marc:datafield>
   <marc:datafield ind1=" " ind2="0" tag="830">
      <marc:subfield code="a">Gulliver</marc:subfield>
      <marc:subfield code="v">921</marc:subfield>
      <marc:subfield code="w">(DE-101)026266660</marc:subfield>
      <marc:subfield code="w">(DE-600)2155496-1</marc:subfield>
      <marc:subfield code="9">3921</marc:subfield>
      <marc:subfield code="7">as</marc:subfield>
   </marc:datafield>
   <marc:datafield ind1=" " ind2=" " tag="850">
      <marc:subfield code="a">DE-101a</marc:subfield>
      <marc:subfield code="a">DE-101b</marc:subfield>
   </marc:datafield>
   <marc:datafield ind1="r" ind2=" " tag="925">
      <marc:subfield code="a">ra</marc:subfield>
   </marc:datafield>
</marc:record>
